Alaska Airlines Destinations from HNL (Honolulu) - Statistics

General Stats
  • This quiz has been taken 34 times
  • The average score is 22 of 30
Answer Stats
Hint Answer % Correct
Alaska Anchorage
96%
Washington Seattle/Tacoma
96%
New York New York - JFK
93%
California San Diego
93%
Oregon Portland
89%
California San Francisco
89%
Utah Salt Lake City
86%
Nevada Las Vegas
82%
California Los Angeles
82%
California Sacramento
82%
Australia Sydney
82%
Japan Tokyo - Haneda
82%
Massachusetts Boston
79%
Japan Osaka - Kansai
79%
Arizona Phoenix - Sky Harbor
79%
California San Jose
79%
South Korea Seoul - Incheon
79%
New Zealand (Seasonal) Auckland
75%
California Oakland
75%
Washington (Seasonal) Everett
64%
Hawaii Kailua/Kona
64%
Hawaii Kahului
61%
Hawaii Lihue
61%
Hawaii Hilo
57%
California Ontario
57%
French Polynesia Papeete
57%
American Samoa Pago Pago
54%
Japan Fukuoka
50%
California Long Beach
46%
Cook Islands Rarotonga
29%
No matching quizzes found
Score Distribution
Percent of People with Each Score
Percentile by Number Answered
Your Score History
You have not taken this quiz